000
00317nam a22001337a 4500
008
171005b xxu||||| |||| 00| 0 eng d
020
_a
9781442208513
041
_a
eng
080
_2
3 ED
_a
159.9
100
_a
49
101
_a
PSI
245
_a
INSIDE OUT AND OUTSIDE IN THE
_c
BERZOF.J
942
_2
udc
_c
BK
999
_c
32123
_d
32123